|
|
|
|
| LEADER |
01725cam a2200325 u 4500 |
| 001 |
10076897 |
| 003 |
upatras |
| 005 |
20230727090151.0 |
| 008 |
090721s1981 f eng |
| 020 |
|
|
|a 0521229030
|
| 040 |
|
|
|a GR-PaULI
|c GR-PaULI
|
| 041 |
0 |
|
|a eng
|
| 082 |
1 |
4 |
|a 881.208
|2 22
|
| 245 |
1 |
0 |
|a Further Greek epigrams
|b epigrams before A.D. 50 from the Greek anthology and other sources not included in Hellenistic epigrams or the Garland of Philip
|c edited by D.L. Page; revised and prepared for publication by R.D. Dawe and J. Diggle
|
| 260 |
|
|
|a Cambridge
|b Cambridge University Press
|c 1981
|
| 300 |
|
|
|a xiv, 598 p.
|c 24 cm.
|
| 504 |
|
|
|a Includes index
|
| 650 |
|
4 |
|a Ελληνική ποίηση, Αρχαία
|x Συλλογές
|9 77270
|
| 650 |
|
4 |
|a Επιγράμματα, Ελληνικά
|x Μεταφράσεις στα αγγλικά
|9 77272
|
| 650 |
|
4 |
|9 29134
|a Επιγράμματα, Ελληνικά
|
| 650 |
|
4 |
|9 77271
|a Λυρική ποίηση, Ελληνική
|x Συλλογές
|
| 700 |
1 |
|
|a Dawe, R. D.,
|q (Roger David)
|9 27918
|
| 700 |
1 |
|
|a Diggle, James
|9 22203
|
| 700 |
1 |
|
|a Page, D. L.
|q (Denys Lionel),
|d 1908-1978
|9 111573
|
| 852 |
|
|
|a GR-PaULI
|b ΠΑΤΡΑ
|b ΦΙΛΟΛΟΓΙΑ
|k ΔΑΝΕΙΖ-6
|h 881.208 FUR
|m 003467
|p 025000114487
|t 1
|
| 942 |
|
|
|2 ddc
|
| 952 |
|
|
|0 0
|1 0
|2 ddc
|4 0
|6 881_208000000000000_FUR
|7 0
|9 79398
|a LISP
|b LISP
|c BSC
|d 2016-04-24
|i 003467
|l 0
|o 881.208 FUR
|p 025000114487
|r 2016-04-24 00:00:00
|t 1
|w 2016-04-24
|y BK15
|x Μεταφορά Τμήματος Φιλολογίας
|
| 952 |
|
|
|0 0
|1 0
|2 ddc
|4 0
|6 881_270000000000000_PAG
|7 0
|9 210750
|a THST
|b THST
|d 2017-03-10
|i 001458
|l 0
|o 881.27 PAG
|p 025000015680
|r 2017-03-10 00:00:00
|t 2
|w 2017-03-10
|y BK15
|
| 998 |
|
|
|c ELIDOC
|d 2009-07
|
| 999 |
|
|
|c 52752
|d 52752
|